000 01174nam a22002777a 4500
001 BD-DhSAU 9278
003 BD-DhSAU
005 20260405110816.0
008 260404b2018 bg a|||| m||| 00| 0 eng d
040 _aBD-DhSAU
082 _222
_a595.7
_bN949
100 _aAFSANA, NUSRAT JAHAN
_eRegistration # 17-07804
245 _aQuantification of heavy metals in vegetables and soils collected from adjacent to different industries in mymensingh division and their health risk /
_bMS thesis
260 _aSher-e-Bangla Agricultural University :
_bDepartment of Agricultural Chemistry,
_c2024.
300 _axii, 74p. :
_bill. ;
_c30 cm.
500 _aMS thesis of Department of Agricultural Chemistry,, Faculty of Agriculture , Sher-e-Bangla Agricultural University, Dhaka, Bangladesh
504 _aIncludes bibliographical reference.
590 _aNazmul
650 _aheavy metals in vegetables and soils
650 _aindustries in mymensingh division
651 _atheir health risk
700 _aProf. Dr. Md. Sirajul Islam Khan
_eSuperviser
700 _aProf. Dr. Muhammed Alamgir Zaman
_eCo-superviser
942 _2ddc
_cTHESIS
999 _c18311
_d18310